| 000 | 02133cam a2200481 i 4500 | ||
|---|---|---|---|
| 001 | 200453278 | ||
| 003 | TR-AnTOB | ||
| 005 | 20250730161107.0 | ||
| 007 | ta | ||
| 008 | 230607s2015 tu a 000 0 mul d | ||
| 010 | _a2016353351 | ||
| 020 |
_a9789290632818 _q(hardback) |
||
| 020 |
_a929063281X _q(hardback) |
||
| 035 | _a.b103272318 | ||
| 035 | _a(OCoLC)933785195 | ||
| 040 |
_aPUL _beng _erda _cPUL _dDLC _dOCLCF _dOCLCO _dOCLCQ _dCUY _dOSU _dUtOrBLW _dTR-AnTOB |
||
| 041 | 0 |
_atur _aeng _aara |
|
| 042 |
_apcc _alcode |
||
| 043 | _aa-is--- | ||
| 050 | 0 | 0 |
_aDS109.2 _b.F68 2015 |
| 090 |
_aDS109.2 _b.F68 2015 |
||
| 245 | 0 | 0 |
_aFotoğraflarla dünden bugüne Kudüs = _bJerusalem in photographs from past to present = al-Quds min khilāl al-ṣūr fī al-māḍī wa-al-ḥāḍir |
| 246 | 3 | 1 | _aJerusalem in photographs from past to present |
| 246 | 1 | 5 | _aQuds min khilāl al-ṣūr fī al-māḍī wa-al-ḥāḍir |
| 246 | 3 | 1 | _aAl-Quds min khilāl al-ṣūr fī al-māḍī wa-al-ḥāḍir |
| 264 | 1 |
_aBeșiktaș, İstanbul : _bIRCICA, _c2015. |
|
| 300 |
_a223 pages, 11 pages : _billustrations ; _c30 cm |
||
| 336 |
_atext _btxt _2rdacontent |
||
| 337 |
_aunmediated _bn _2rdamedia |
||
| 338 |
_avolume _bnc _2rdacarrier |
||
| 490 | 0 |
_aTarihî fotoğraf albümleri serisi ; _vno. 9 = _aSeries of historical photographs albums ; _v9 |
|
| 546 | _aIn Turkish, English and Arabic | ||
| 651 | 7 |
_aKudüs _vResimli çalışmalar _9142174 |
|
| 655 | 7 |
_aIllustrated works _2lcgft _9148083 |
|
| 710 | 2 |
_aResearch Centre for Islamic History, Art, and Culture _eissuing body. _0http://id.loc.gov/authorities/names/n82247278 _9114326 |
|
| 730 | 0 | 2 |
_iContainer of (work): _aFotoğraflarla dünden bugüne Kudüs |
| 730 | 0 | 2 |
_iContainer of (expression): _aFotoğraflarla dünden bugüne Kudüs. _lEnglish |
| 730 | 0 | 2 |
_iContainer of (expression): _aFotoğraflarla dünden bugüne Kudüs. _lArabic |
| 880 | 0 | 0 |
_6245-01/(3/r _aالقدس من خلال الصور في الماضي والحاضر |
| 880 | 1 | 5 |
_6246-02/(3/r _aقدس من خلال الصور في الماضي والحاضر |
| 942 |
_2lcc _cBK |
||
| 999 |
_c200453278 _d71490 |
||